|
|
|
|
| LEADER |
03215nam a2200529 4500 |
| 001 |
978-1-4939-6979-1 |
| 003 |
DE-He213 |
| 005 |
20191022181609.0 |
| 007 |
cr nn 008mamaa |
| 008 |
170524s2018 xxu| s |||| 0|eng d |
| 020 |
|
|
|a 9781493969791
|9 978-1-4939-6979-1
|
| 024 |
7 |
|
|a 10.1007/978-1-4939-6979-1
|2 doi
|
| 040 |
|
|
|d GrThAP
|
| 050 |
|
4 |
|a RA427.8
|
| 072 |
|
7 |
|a MBN
|2 bicssc
|
| 072 |
|
7 |
|a MED076000
|2 bisacsh
|
| 072 |
|
7 |
|a MBN
|2 thema
|
| 082 |
0 |
4 |
|a 613
|2 23
|
| 082 |
0 |
4 |
|a 614.44
|2 23
|
| 245 |
1 |
0 |
|a Patient Navigation
|h [electronic resource] :
|b Overcoming Barriers to Care /
|c edited by Elizabeth A. Calhoun, Angelina Esparza.
|
| 250 |
|
|
|a 1st ed. 2018.
|
| 264 |
|
1 |
|a New York, NY :
|b Springer New York :
|b Imprint: Springer,
|c 2018.
|
| 300 |
|
|
|a XII, 145 p. 17 illus. in color.
|b online resource.
|
| 336 |
|
|
|a text
|b txt
|2 rdacontent
|
| 337 |
|
|
|a computer
|b c
|2 rdamedia
|
| 338 |
|
|
|a online resource
|b cr
|2 rdacarrier
|
| 347 |
|
|
|a text file
|b PDF
|2 rda
|
| 505 |
0 |
|
|a Foreword by Harold P. Freeman -- 1.Community Needs Assessment: Bringing Real Voices to the Health Care System -- 2.Models of Patient Navigation -- 3.Training Patient Navigators for a Reformed Health System -- 4.Steps to Successful Patient Navigation Programs -- 5.Program Evaluation -- 6.Prevention and Early Detection Case Study: Patient Navigation in the Breast Health Program at Boston Medical Center -- 7.Consensus Support for the Role of Patient Navigation in the Nation's Health Care System.
|
| 520 |
|
|
|a Documenting the success and result of patient navigation programs, this book represents the culmination of years of research and practical experience by scientific leaders in the field. A practical guide to creating, implementing, and evaluating successful programs, Patient Naviation - Overcoming Barriers to Care offers a step-by-step guide towards creating and implementing a patient navigation program within a healthcare system. Providing a formal structure for evaluation and quality improvement this book is an essential resource for facilities seeking patient navigation services accreditation.
|
| 650 |
|
0 |
|a Health promotion.
|
| 650 |
|
0 |
|a Nursing administration.
|
| 650 |
|
0 |
|a Oncology .
|
| 650 |
|
0 |
|a Nursing-Research.
|
| 650 |
1 |
4 |
|a Health Promotion and Disease Prevention.
|0 http://scigraph.springernature.com/things/product-market-codes/H27010
|
| 650 |
2 |
4 |
|a Nursing Management.
|0 http://scigraph.springernature.com/things/product-market-codes/H41013
|
| 650 |
2 |
4 |
|a Oncology.
|0 http://scigraph.springernature.com/things/product-market-codes/H33160
|
| 650 |
2 |
4 |
|a Nursing Research.
|0 http://scigraph.springernature.com/things/product-market-codes/H41030
|
| 700 |
1 |
|
|a Calhoun, Elizabeth A.
|e editor.
|4 edt
|4 http://id.loc.gov/vocabulary/relators/edt
|
| 700 |
1 |
|
|a Esparza, Angelina.
|e editor.
|4 edt
|4 http://id.loc.gov/vocabulary/relators/edt
|
| 710 |
2 |
|
|a SpringerLink (Online service)
|
| 773 |
0 |
|
|t Springer eBooks
|
| 776 |
0 |
8 |
|i Printed edition:
|z 9781493969777
|
| 776 |
0 |
8 |
|i Printed edition:
|z 9781493969784
|
| 776 |
0 |
8 |
|i Printed edition:
|z 9781493983575
|
| 856 |
4 |
0 |
|u https://doi.org/10.1007/978-1-4939-6979-1
|z Full Text via HEAL-Link
|
| 912 |
|
|
|a ZDB-2-SME
|
| 950 |
|
|
|a Medicine (Springer-11650)
|